000
00210nam a22000857a 4500
999
_c
10924
_d
10924
008
180409b ||||| |||| 00| 0 eng d
100
_a
Arora Sumita
_9
6733
245
_a
Information Practices-XI
260
_a
New Delhi